Ins and Outs (Record no. 1230585)

MARC details
000 -LEADER
fixed length control field 00437nam a2200193Ia 4500
008 - FIXED-LENGTH DATA ELEMENTS--GENERAL INFORMATION
fixed length control field 151121s9999||||xx |||||||||||||| ||und||
082 ## - DEWEY DECIMAL CLASSIFICATION NUMBER
Classification number 796ред35/O'ne
082 ## - DEWEY DECIMAL CLASSIFICATION NUMBER
Item number HNW-41684
100 ## - MAIN ENTRY--PERSONAL NAME
Personal name O'neill Norman
245 ## - TITLE STATEMENT
Title Ins and Outs
260 ## - PUBLICATION, DISTRIBUTION, ETC. (IMPRINT)
Name of publisher, distributor, etc Pelham Books
260 ## - PUBLICATION, DISTRIBUTION, ETC. (IMPRINT)
Date of publication, distribution, etc --
300 ## - PHYSICAL DESCRIPTION
Extent 222
600 ## - SUBJECT ADDED ENTRY--PERSONAL NAME
Personal name O'neill Norman
630 ## - SUBJECT ADDED ENTRY--UNIFORM TITLE
Uniform title Ins and Outs
700 ## - ADDED ENTRY--PERSONAL NAME
Personal name O'neill Norman
730 ## - ADDED ENTRY--UNIFORM TITLE
Uniform title Ins and Outs
942 ## - ADDED ENTRY ELEMENTS (KOHA)
Koha item type Book
Holdings
Withdrawn status Lost status Damaged status Not for loan Home library Current library Date acquired Cost, normal purchase price Total Checkouts Full call number Barcode Date last seen Cost, replacement price Price effective from Koha item type
        Hirachand Nemchand Wachanalaya, Solapur Hirachand Nemchand Wachanalaya, Solapur 11/21/2015 0.00   HNW-41684 HNW-41684 11/21/2015 0.00 11/21/2015 Book